| 000 | 01012cab a2200229 4500 | ||
|---|---|---|---|
| 001 | ABS58604 | ||
| 008 | 090401t1998 xxu||||| |||| 00| 0 eng d | ||
| 035 | _a(Sirsi) u85661 | ||
| 041 | _aeng | ||
| 245 | _aBass Holdings Ltd v Brodie and another | ||
| 260 | _c1998 | ||
| 350 | _a0 | ||
| 490 |
_aEstates Gazette Law Reports _v(1998) 14 EG 138, 138-140(3) |
||
| 520 | _aQBD 8 October 1997. Defendant tenants held tenancy of a public house. Plaintiff landlord issued possession procedure on arrears of rent, interest and mesne profits. Defence was not given, landlord entered into judgment in default. Whether dispensation of service given and order irregular. Master to set aside judgment on second defendant`s application. Second defendant appealed. Appeal dismissed. | ||
| 650 | _aBASS HOLDINGS LTD V BRODIE AND ANOTHER | ||
| 650 | _aPOSSESSION | ||
| 650 | _aPUBLIC HOUSE | ||
| 650 | _aRENT ARREARS | ||
| 690 | _aLANDLORD AND TENANT-CASE LAW-BUSINESS TENANCIES | ||
| 942 | _n0 | ||
| 948 | _c17/04/1998 | ||
| 999 |
_c53877 _d53877 |
||